000
00245nam a22001097a 4500
999
_c
4450
_d
4450
008
250220b ||||| |||| 00| 0 eng d
020
_a
9789887780809
082
_a
951 NG
100
_a
NG,ALLEN
_e
AUTHOR
245
_a
HONG KONG A TO Z
942
_2
ddc